书目信息 |
| 题名: |
摄影构图一百廿例
|
|
| 作者: | 吴印咸 著 | |
| 分册: | ||
| 出版信息: | 北京 新华出版社 1983 |
|
| 页数: | 242页 | |
| 开本: | 21cm | |
| 丛书名: | ||
| 单 册: | ||
| 中图分类: | J406 , J42 | |
| 科图分类: | ||
| 主题词: | 摄影构图 , 摄影艺术--中国 | |
| 电子资源: | ||
| ISBN: | ||
| 000 | 00623nam0 2200241 450 | |
| 001 | 1573678315 | |
| 005 | 20150129202851.73 | |
| 010 | @dCNY1.60 | |
| 091 | @a7203.030 | |
| 100 | @a19950620d1983 emky0chiy0110 ea | |
| 101 | 0 | @achi |
| 102 | @aCN@b110000 | |
| 105 | @af z 000yy | |
| 200 | 1 | @a摄影构图一百廿例@9she ying gou tu yi bai nian li@f吴印咸著 |
| 210 | @a北京@c新华出版社@d1983 | |
| 215 | @a242页@d21cm | |
| 606 | 0 | @a摄影构图 |
| 606 | 0 | @a摄影艺术@x中国 |
| 690 | @aJ406@v5 | |
| 690 | @aJ42@v4 | |
| 701 | 0 | @a吴印咸@9wu yin xian@f(1900~1996)@4著 |
| 801 | 0 | @aCN@bTSSF@c20150129 |
| 905 | @aZUCC@dJ42@eJY24 | |
| 摄影构图一百廿例/吴印咸著.-北京:新华出版社,1983 |
| 242页;21cm |
| ISBN :CNY1.60 |
| ● |
| 相关链接 |
|
|
|
|
正题名:摄影构图一百廿例
索取号:J42/JY24
 
预约/预借
| 序号 | 登录号 | 条形码 | 馆藏地/架位号 | 状态 | 备注 |
| 1 | 7861816 | 278618168 | 学院路分馆/ [索取号:J42/JY24] | 在馆 |